[Event "SLO-chT"]
[Site "Slovenia"]
[Date "2016.10.16"]
[Round "3"]
[White "Gorsek, Gregor"]
[Black "Murko, David"]
[Result "1/2-1/2"]
[WhiteElo "2129"]
[BlackElo "2180"]
[PlyCount "114"]
[EventDate "2016.10.14"]
[EventType "team-tourn"]
[EventRounds "9"]
[EventCountry "SLO"]
[SourceTitle "EXT 2017"]
[Source "ChessBase"]
[SourceDate "2016.10.25"]
[SourceVersion "1"]
[SourceVersionDate "2016.10.25"]
[SourceQuality "1"]
[WhiteTeam "Zalec"]
[BlackTeam "Ptuj"]
[WhiteTeamCountry "SLO"]
[BlackTeamCountry "SLO"]

1. e4 c5 2. c3 Nf6 3. e5 Nd5 4. d4 cxd4 5. Qxd4 e6 6. Nf3 Nc6 7. Qe4 d6 8. Nbd2 dxe5 9. Nxe5 Nxe5 10. Qxe5 Qd6 11. Qxd6 Bxd6 12. Ne4 Be7 13. Bd2 Bd7 14. Be2 Bc6 15. f3 0-0 16. 0-0-0 Rfd8 17. Kb1 Rac8 18. Bc4 Nb6 19. Bb3 Nd5 20. Rhe1 b6 21. Bc1 Kf8 22. Nf2 Nf6 23. Nd3 Bd6 24. Bf4 Bxf4 25. Nxf4 Rxd1+ 26. Rxd1 Ke7 27. Ne2 Nd5 28. Nd4 Ba8 29. Re1 g6 30. g3 Kf6 31. f4 Rd8 32. a3 Bb7 33. Kc1 Nc7 34. g4 Bd5 35. g5+ Kg7 36. Bc2 h6 37. h4 hxg5 38. hxg5 Rh8 39. b3 Rh4 40. Rf1 Ne8 41. c4 Bb7 42. Nb5 a6 43. Nc3 Bc6 44. Kb2 Kf8 45. Rf2 Ke7 46. Be4 Kd7 47. Bxc6+ Kxc6 48. Na2 a5 49. Nc1 Rh3 50. Rd2 Nd6 51. Nd3 Kc7 52. Ne5 Rh4 53. Rd4 Rh2+ 54. Kc3 Rh3+ 55. Rd3 Rh4 56. Rd4 Rh3+ 57. Kc2 Rh2+ 1/2-1/2

[Event "SLO-chT"]
[Site "Slovenia"]
[Date "2016.10.15"]
[Round "2"]
[White "Supancic, Darko"]
[Black "Gorsek, Gregor"]
[Result "1-0"]
[WhiteElo "2317"]
[BlackElo "2129"]
[PlyCount "131"]
[EventDate "2016.10.14"]
[EventType "team-tourn"]
[EventRounds "9"]
[EventCountry "SLO"]
[SourceTitle "EXT 2017"]
[Source "ChessBase"]
[SourceDate "2016.10.25"]
[SourceVersion "1"]
[SourceVersionDate "2016.10.25"]
[SourceQuality "1"]
[WhiteTeam "Maribor Branik"]
[BlackTeam "Zalec"]
[WhiteTeamCountry "SLO"]
[BlackTeamCountry "SLO"]

1. f4 c5 2. Nf3 Nc6 3. b3 Nf6 4. Bb2 d5 5. e3 e6 6. Bb5 Bd6 7. Bxc6+ bxc6 8. Ne5 Qc7 9. d3 0-0 10. Nd2 Nd7 11. Ndf3 f6 12. Nxd7 Bxd7 13. Qe2 e5 14. fxe5 fxe5 15. e4 Bg4 16. 0-0 Bxf3 17. Rxf3 Rxf3 18. Qxf3 Rf8 19. Qe3 d4 20. Qe2 Qf7 21. Rf1 Qxf1+ 22. Qxf1 Rxf1+ 23. Kxf1 Kf7 24. Ke2 Be7 25. Bc1 Bd8 26. Bd2 h5 27. Kd1 Ke6 28. Kc1 Be7 29. Kb2 Kd7 30. Be1 Kc7 31. Bg3 Bd6 32. Bh4 Kc8 33. Kc1 Kd7 34. Bf2 Be7 35. c3 Kc7 36. Kc2 a5 37. Be1 Kb6 38. Kb2 Ka6 39. Bg3 Bf6 40. h3 Kb6 41. Be1 Be7 42. Bd2 Ka6 43. Kc2 Bd8 44. Kd1 Kb7 45. Ke2 Kc7 46. Kf3 g5 47. Ke2 Kb7 48. Bc1 Kb6 49. Ba3 Bf6 50. Bc1 Kb7 51. Bd2 Kb6 52. c4 Ka6 53. h4 gxh4 54. Bh6 Be7 55. Bg7 Bd6 56. Bf6 a4 57. Bxh4 axb3 58. axb3 Ka5 59. Be1+ Kb6 60. Kf3 Kc7 61. g4 hxg4+ 62. Kxg4 Bf8 63. Kf5 Kd6 64. Bh4 Bh6 65. Bf6 Bf4 66. Bg7 1-0

[Event "SLO-CupT"]
[Site "Portoroz"]
[Date "2016.03.13"]
[Round "4"]
[White "Gorsek, Gregor"]
[Black "Pregarac, Valter"]
[Result "1-0"]
[WhiteElo "2106"]
[BlackElo "2099"]
[PlyCount "89"]
[EventDate "2016.03.11"]
[EventType "team-swiss"]
[EventRounds "5"]
[EventCountry "SLO"]
[SourceTitle "EXT 2019"]
[Source "ChessBase"]
[SourceDate "2018.10.10"]
[SourceVersion "1"]
[SourceVersionDate "2018.10.10"]
[SourceQuality "1"]
[WhiteTeam "Zalec"]
[BlackTeam "Piran"]
[WhiteTeamCountry "SLO"]
[BlackTeamCountry "SLO"]

1. e4 e5 2. Nc3 Nf6 3. Bc4 Nc6 4. d3 Na5 5. Bb3 c6 6. Nf3 d6 7. h3 Be7 8. 0-0 0-0 9. Re1 h6 10. Bd2 Nxb3 11. axb3 Re8 12. d4 exd4 13. Nxd4 c5 14. Nf3 Bf8 15. Bf4 b6 16. e5 dxe5 17. Qxd8 Rxd8 18. Bxe5 Bf5 19. Re2 Nd5 20. Nxd5 Rxd5 21. Bc7 b5 22. Ne5 f6 23. Ng4 Rd7 24. Bg3 Bg6 25. Ne3 Re8 26. Rae1 Red8 27. Bf4 Rd4 28. Bc7 R8d7 29. Bb8 c4 30. c3 Re4 31. b4 Re8 32. Bg3 Bd3 33. Rd2 g5 34. Red1 Rf7 35. Nd5 Rc8 36. Re1 Kg7 37. Re6 Kg6 38. h4 Kf5 39. Re1 h5 40. hxg5 fxg5 41. Re5+ Kg6 42. Re6+ Kf5 43. Ra6 Bg7 44. Ne3+ Ke4 45. Re6+ 1-0

[Event "SLO-CupT"]
[Site "Portoroz"]
[Date "2016.03.12"]
[Round "3"]
[White "Dobrovoljc, Vid"]
[Black "Gorsek, Gregor"]
[Result "1-0"]
[WhiteElo "2222"]
[BlackElo "2106"]
[PlyCount "95"]
[EventDate "2016.03.11"]
[EventType "team-swiss"]
[EventRounds "5"]
[EventCountry "SLO"]
[SourceTitle "EXT 2019"]
[Source "ChessBase"]
[SourceDate "2018.10.10"]
[SourceVersion "1"]
[SourceVersionDate "2018.10.10"]
[SourceQuality "1"]
[WhiteTeam "Novo Mesto Krka"]
[BlackTeam "Zalec"]
[WhiteTeamCountry "SLO"]
[BlackTeamCountry "SLO"]

1. e4 g6 2. d4 Bg7 3. Nc3 d6 4. f4 Nc6 5. Nf3 Bg4 6. Be3 Bxf3 7. gxf3 a6 8. Qd2 e5 9. dxe5 dxe5 10. 0-0-0 Qxd2+ 11. Rxd2 Nf6 12. fxe5 Nxe5 13. f4 Neg4 14. Bd4 0-0-0 15. h3 Nh6 16. Bg2 Nh5 17. Bxg7 Nxg7 18. Rhd1 Rxd2 19. Kxd2 Rd8+ 20. Ke3 Rxd1 21. Nxd1 Ng8 22. Nf2 Nf6 23. Nd3 Nd7 24. Bf3 Kd8 25. b4 Ke7 26. a3 f6 27. Bg4 f5 28. exf5 gxf5 29. Bf3 c6 30. a4 Kd6 31. a5 Ne6 32. Nb2 Nc7 33. Nc4+ Ke6 34. Nd2 Nf6 35. c4 Nd7 36. Nb3 Kf6 37. Nd4 h6 38. Nxf5 c5 39. bxc5 Nxc5 40. Nd6 N7e6 41. Bd5 Ke7 42. Nf5+ Kf6 43. Nxh6 Nb3 44. Ng4+ Ke7 45. f5 Nec5 46. f6+ Kd6 47. f7 Ke7 48. Ne5 1-0

[Event "SLO-chT1 East"]
[Site "Celje"]
[Date "2014.10.18"]
[Round "7"]
[White "Havas, Janko"]
[Black "Gorsek, Gregor"]
[Result "1-0"]
[WhiteElo "2165"]
[BlackElo "2143"]
[PlyCount "143"]
[EventDate "2014.10.09"]
[EventType "team-tourn"]
[EventRounds "9"]
[EventCountry "SLO"]
[SourceTitle "EXT 2019"]
[Source "ChessBase"]
[SourceDate "2018.10.10"]
[SourceVersion "1"]
[SourceVersionDate "2018.10.10"]
[SourceQuality "1"]
[WhiteTeam "Zalec"]
[BlackTeam "Velenje Veplas"]
[WhiteTeamCountry "SLO"]
[BlackTeamCountry "SLO"]

1. d4 g6 2. Nf3 Bg7 3. g3 d6 4. Bg2 Nc6 5. 0-0 Nf6 6. c4 0-0 7. Nc3 Bg4 8. h3 Bxf3 9. Bxf3 Qc8 10. Bg2 e5 11. d5 Ne7 12. e4 Nd7 13. Rb1 f5 14. b4 b6 15. Qe2 h6 16. Bd2 f4 17. Rfc1 Qd8 18. Na4 Rb8 19. Rb2 Qe8 20. Rcb1 h5 21. Rb3 Bh6 22. Be1 Kh7 23. c5 fxg3 24. fxg3 b5 25. cxd6 cxd6 26. Nc3 a6 27. a4 bxa4 28. Nxa4 Nf6 29. Nc3 Qc8 30. Bf2 h4 31. g4 g5 32. Ra1 Ra8 33. Na4 Nd7 34. Nb2 Ng6 35. Qd2 Nf4 36. Rba3 Nxg2 37. Kxg2 Nf6 38. Qe2 Qb7 39. Nc4 Qxb4 40. Ra4 Qb5 41. Ra5 Qb4 42. R1a4 Qb8 43. Rxa6 Rxa6 44. Rxa6 Ne8 45. Rb6 Qc7 46. Rc6 Qe7 47. Ne3 Ng7 48. Nc4 Ne8 49. Be3 Rf7 50. Nb2 Nf6 51. Qa6 Ne8 52. Rc8 Nf6 53. Qa8 Kg6 54. Bb6 Qb7 55. Qxb7 Rxb7 56. Rc6 Bf8 57. Kf3 Rf7 58. Ke3 Be7 59. Nc4 Nd7 60. Nxd6 Rf6 61. Nc8 Nxb6 62. Nxe7+ Kf7 63. Rxf6+ Kxf6 64. Nc6 Nc4+ 65. Kd3 Nb2+ 66. Ke2 Nc4 67. Nb4 Ke7 68. Nc2 Kf6 69. Ne3 Nd6 70. Kd3 Nb5 71. Nf5 Na3 72. Nd6 1-0

[Event "SLO-chT1 East"]
[Site "Celje"]
[Date "2014.10.17"]
[Round "6"]
[White "Gorsek, Gregor"]
[Black "Spalir, Branko"]
[Result "1/2-1/2"]
[WhiteElo "2143"]
[BlackElo "2109"]
[PlyCount "36"]
[EventDate "2014.10.09"]
[EventType "team-tourn"]
[EventRounds "9"]
[EventCountry "SLO"]
[SourceTitle "EXT 2019"]
[Source "ChessBase"]
[SourceDate "2018.10.10"]
[SourceVersion "1"]
[SourceVersionDate "2018.10.10"]
[SourceQuality "1"]
[WhiteTeam "Velenje Veplas"]
[BlackTeam "Slovenj Gradec"]
[WhiteTeamCountry "SLO"]
[BlackTeamCountry "SLO"]

1. e4 e5 2. Nf3 Nc6 3. Bc4 Bc5 4. 0-0 Nf6 5. d3 h6 6. c3 d6 7. b4 Bb6 8. a4 a5 9. b5 Ne7 10. Be3 Bxe3 11. fxe3 0-0 12. Qe1 Be6 13. Nbd2 Bxc4 14. Nxc4 Ng6 15. Nh4 Nxh4 16. Qxh4 Nd7 17. Qg4 Qe7 18. Nd2 Rac8 1/2-1/2